LEADER 01072cam2 2200265 450 001 E600200053587 005 20210125105838.0 100 $a20090915d1981 |||||ita|0103 ba 101 $ager 102 $aDE 200 1 $a3$eWerke. Vorbericht. Dialektik. Die christliche Sitte. Einleitung von Prof. D. Bauer. Predigten über den Hausstand. Zur Pädagogik. Die Lehre vom Staat. Der christliche Glaube. Register$fFriedrich Daniel Ernst Schleiermacher 205 $a2. Neudruck der 2. Auflage Leipzing 1927 210 $aAalen$cScientia Verlag$d1981 215 $aIX, 748 p.$d23 cm 461 1$1001E600200053571$12000 $aWerke. Auswahl in vier Bänden 700 1$aSchleiermacher$b, Friedrich Daniel Ernst$3AF00005309$4070$0152253 801 0$aIT$bUNISOB$c20210125$gRICA 850 $aUNISOB 852 $aUNISOB$j100$m36774 912 $aE600200053587 940 $aM 102 Monografia moderna SBN 941 $aM 957 $a100$b002553$i-3$gSi$d36774$racquisto$1massimo$2UNISOB$3UNISOB$420090915080454.0$520210125105826.0$6Alfano 996 $a3$91709007 997 $aUNISOB